000
00336nam a2200169Ia 4500
100
_a
Batra/Promod
250
_a
3
942
_c
BK
366
_f
20
654
_a
management
245
_a
Management Thoughts
260
_b
Think Inc.
_a
Mumbai
_c
2004
082
_a
658/BAT
_b
BAT
300
_a
326
546
_a
ENGLISH
999
_c
30381
_d
30381